| 000 | 00897cam a22003133a 4500 | ||
|---|---|---|---|
| 001 | 624 | ||
| 003 | PGUSA | ||
| 005 | 20140828082950.0 | ||
| 008 | 960801s1996||||xxu|||||s|||||000 1 eng d | ||
| 040 |
_aPGUSA _beng |
||
| 042 | _adc | ||
| 050 | 4 | _aPS | |
| 100 | 1 |
_aBellamy, Edward, _d1850-1898 |
|
| 245 | 1 | 0 |
_aLooking Backward, 2000 to 1887 _h[electronic resource] / _cEdward Bellamy |
| 260 |
_bProject Gutenberg, _c1996 |
||
| 500 | _aSequel: Equality | ||
| 506 | _aPublic domain in the USA. | ||
| 516 | _aElectronic text | ||
| 653 | _aTime travel -- Fiction | ||
| 653 | _aBoston (Mass.) -- Fiction | ||
| 653 | _aTwo thousand, A.D. -- Fiction | ||
| 653 | _aUtopian fiction | ||
| 653 | _aUtopias -- Fiction | ||
| 653 | _aScience fiction | ||
| 653 | _aSocial problems -- Fiction | ||
| 830 | 0 |
_aProject Gutenberg _v624 |
|
| 856 | 4 | 0 | _uhttp://www.gutenberg.org/ebooks/624 |
| 942 | _cEB | ||
| 999 |
_c229975 _d229975 |
||